|
|
|
|
| LEADER |
00685nam a22002051a 4500 |
| 020 |
|
|
|a 8170844156
|c 0.00
|
| 040 |
|
|
|a SSUS - Library - Kalady
|
| 082 |
|
|
|a 181.482
|b SAN/U
|
| 100 |
|
|
|a Sankaracharya
|
| 245 |
|
|
|a Upadesa sahasri
|h [Text]
|
| 260 |
|
|
|a New Delhi
|b Chowkambha Sanskrit Pratisthan
|c 2009
|
| 300 |
|
|
|a 336p.
|
| 600 |
|
|
|a Philosophy Sankaracharya
|
| 600 |
|
|
|a Philosophy India
|
| 600 |
|
|
|a Philosophy
|
| 700 |
|
|
|a Ramatirtha (comm.)
|
| 852 |
|
|
|h 181.482
|i SAN/U
|p 072821
|9 300.00
|t 0
|
| 942 |
|
|
|c BK
|
| 999 |
|
|
|c 48240
|d 48240
|
| 952 |
|
|
|0 0
|1 0
|4 0
|6 181_482000000000000_SAN_U
|7 0
|9 69833
|a SSUS
|b SSUS
|d 2015-01-08
|g 300.00
|l 1
|o 181.482 SAN/U
|p 072821
|r 2017-06-21
|s 2017-06-19
|v 0.00
|w 2015-01-08
|y BK
|